| 000 | 00000ncmm 2200000zi 4500 |
| 001 | 9.906040 |
| 003 | CaOODSP |
| 005 | 20221107181015 |
| 006 | m o d f |
| 007 | cr bn||||||||| |
| 008 | 211215s2020 quczzk o n fre d |
| 040 | |aCaOODSP|bfre|erda|cCaOODSP |
| 041 | 0 |afre|aeng |
| 043 | |an-cn--- |
| 086 | 1 |aCH4-197/2020-PDF |
| 100 | 1 |aLavallée, Calixa, |d1842-1891 |ecompositeur. |
| 240 | 10|aO Canada |
| 245 | 10|aÔ Canada : |bhymne national = O Canada : national anthem / |cCalixa Lavallée. |
| 246 | 31|aO Canada : |bnational anthem |
| 264 | 1|a[Gatineau, Québec] : |bPatrimoine canadien = Canadian Heritage, |c[2020] |
| 300 | |a1 ressource en ligne (1 partition de chant (1 page)) |
| 336 | |aNotation musicale|bntm|2rdacontent/fre |
| 337 | |ainformatique|bc|2rdamedia/fre |
| 338 | |aressource en ligne|bcr|2rdacarrier/fre |
| 546 | |aTexte en français et en anglais. |
| 650 | 6|aHymnes nationaux|zCanada|vPartitions. |
| 655 | 7|aHymnes nationaux|2rvmgf |
| 655 | 7|aPartitions de chant|2rvmgf |
| 710 | 1 |aCanada. |bPatrimoine canadien, |eorganisme de publication. |
| 791 | |tO Canada : |eeng|w(CaOODSP)9.906030 |
| 856 | 40|qPDF|s77 Ko|uhttps://publications.gc.ca/collections/collection_2021/pch/CH4-197-2020-fra.pdf |